000 00919cab a2200301 4500
001 X2488
008 090401t1995 xxu||||| |||| 00| 0 eng d
035 _a(Sirsi) u24598
041 _aeng
245 _aPorter and Porter v SoS Transport
260 _c1995
350 _a0
490 _aProperty and Compensation Reports
_v(1995) 70 P&CR 82-93(12)
520 _aLT 6 January 1995.
650 _aBY-PASS
650 _aCOMPENSATION
650 _aCompulsory purchase
_96228
650 _aEVESHAM BY-PASS
650 _aINJURIOUS AFFECTION
650 _aISSUE ESTOPPEL
650 _aLAND COMPENSATION ACT 1961 S18
650 _aNO-SCHEME WORLD
650 _aPROPERTY-INFRASTRUCTURE-TRANSPORT INFRASTRUCTURE-ROAD INFRASTRUCTURE
650 _aSEVERANCE
690 _aENVIRONMENTAL AND LAND CONSULTANCY-PLANNING AND DEVELOPMENT-COMPULSORY PURCHASE AND COMPENSATION
942 _n0
948 _c04/03/1997
999 _c16501
_d16501